LEADER 01477nam a2200265 4500 001 000000355734 003 CaOOAMICUS 005 20231016141505.0 008 231016s1900 it a 000 u ita r 040 $aSeMil$bita 100 11$aManzoni, Alessandro,$d<1785-1873>.$0(OLS)http://semarc/name/1162 240 12$aI promessi sposi.$0(OLS)http://semarc/title/324640 245 12$aI promessi sposi :$bstoria milanese del secolo 17. /$cscoperta e rifatta da Alessandro Manzoni ; illustrata da G. Previati ; ed. curata nel testo da Alfonso Cerquetti; preceduta da cenni biografici di Luca Beltrami ; Storia della Colonna infame. 264 1$aMilano :$bUlrico Hoepli,$c1900. 300 $axxiii, 715 p., [13] carte di tav. :$bill. ;$c32 cm 650 4$aManzoni, Alessandro <1785-1873> . Promessi sposi - Illustrazioni.$0(OLS)http://semarc/subject/29969 700 1 $aPreviati, Gaetano,$d<1852-1920>.$0(OLS)http://semarc/name/92052 700 1 $aCerquetti, Alfonso,$d<1830-1905>.$0(OLS)http://semarc/name/118481 700 1 $aBeltrami, Luca,$d<1854-1933>.$0(OLS)http://semarc/name/30093 730 02$aStoria della colonna infame.$0(OLS)http://semarc/title/147074 850 $aSeMil 852 $aSeMil$W1$xVenegono$y1$m1O VI 15 FA$j243933$B246970$CSeMilBibl$Z2$F246970 $8I 996 $6245$aI promessi sposi :$bstoria milanese del secolo 17.$9(OLS)http://semarc/title/33659 996 $6264$aMilano :$bUlrico Hoepli$9(OLS)http://semarc/publisher/29765 LEADER 01498nam a2200241 i 4500 001 000000241416 003 CaOOAMICUS 005 20150430000000.0 008 150430s1823 it u000 u mul u 013 $a220321 026 $atea- ),a, ros: zaPu (3) 1823 (R) 040 $aSeMil$bita 245 10$aLezioni de' santi Vangeli in latino e italiano per le domeniche e le altre feste dell'anno secondo il rito ambrosiano a cui si aggiunge l'Ordinario della Messa ... una raccolta di preghiere ... ed un divoto apparecchio per la Santa Confessione e Comunione. Corretta ed accresciuta di riflessioni aggiunte ad ogni testo evangelico. 260 $aMilano :$bDai Torchj di Gio. Bernardoni,$c1823. 300 $a288 p. ;$c8°. 500 $aTesto su due colonne in latino e italiano. 710 0 $aBernardoni, Giovanni .$0(OLS)http://semarc/name/7827 850 $aSeMil 852 $aSeMil$W1$xVenegono$y1$m3F I 100 FA$j191762$B191762$CSeMilBibl$Z2$F202568 $8I 941 1 $a10 961 $aRecupero: Mantegazza 996 $6245$aLezioni de' santi Vangeli in latino e italiano per le domeniche e le altre feste dell'anno secondo il rito ambrosiano a cui si aggiunge l'Ordinario della Messa ... una raccolta di preghiere ... ed un divoto apparecchio per la Santa Confessione e Comunione. Corretta ed accresciuta di riflessioni aggiunte ad ogni testo evangelico$9(OLS)http://semarc/title/343127 996 $6260$aMilano :$bDai Torchj di Gio. Bernardoni$9(OLS)http://semarc/publisher/54576 LEADER 01082nam a2200253 i 4500 001 000000038796 003 CaOOAMICUS 005 20221020110746.0 008 140331s1992 xx u000 u ger u 013 $a9409 020 $a3-545-23123-2 020 $a3-7887-1420-4 040 $aSeMil$bita 245 14$aDer zweite und dritte Johannesbrief. 300 $aX, 140 p. + 1 all. 700 1 $aKlauck, Hans-Josef,$d<1946- >.$0(OLS)http://semarc/name/38 773 0 $aKlauck, Hans-Josef <1946- >$tErste Johannesbrief ; Der zweite und dritte Johannesbrief.$dZürich ; Einsiedeln ; Köln : Benziger, copyr. 1991-copyr. 1992.$kEKK = Evangelisch-Katholischer Kommentar zum Neuen Testament$g2$w()29638 850 $aSeMil 852 $aSeMil$W1$xVenegono$y1$m2YA A 23/2$j256938$B4951$CSeMilBibl$Z2$F4951 $81 961 $aOmaggio: Casa editrice 996 $6020$a3-545-23123-2$9(OLS)http://semarc/number/8203 996 $6020$a3-7887-1420-4$9(OLS)http://semarc/number/8204 996 $6245$aDer zweite und dritte Johannesbrief$9(OLS)http://semarc/title/54938